| 000 | 00434nam a2200157Ia 4500 | ||
|---|---|---|---|
| 008 | 100122s9999 xx 000 0 und d | ||
| 082 |
_b65437 _aB954 |
||
| 100 | _aMEHTA ANURAG | ||
| 245 | _aINDIA AFTER INDEPENDENCE FOR CHILDREN | ||
| 250 | _a1 | ||
| 260 |
_bNITA MEHTA PUBLICATIONS _c2004 |
||
| 300 | _a216 | ||
| 630 | _aINDIA AFTER INDEPENDENCE FOR CHILDREN | ||
| 730 | _aINDIA AFTER INDEPENDENCE FOR CHILDREN | ||
| 942 | _cBOOK | ||
| 999 |
_c379989 _d379986 |
||